000 00438nam a2200181Ia 4500
001 9719
005 20260306161739.0
008 260306t2008||||xx |||||||||||||| ||spa||
041 _aESP
082 _a401.985
_bG67 V. 5
100 _aGonzález Moreyra, Raúl
_eAUT
245 0 _aInstrumentos psicolingüísticos
260 _c2008
300 _a193 páginas :
_c22 cm.
650 _aGEN
654 _aCHU
942 _cLIB
_dJUS
_fJUS
_2ddc
_n
999 _c9719
_d9719